Statystyki dla MIEJSCA, W KTÓRYCH MOŻEMY ZNALEŹĆ BANKOMAT

Kliknij tutaj aby rozwiązać quiz!

Ogólne statystyki

  • Ten quiz został rozwiązany 35 razy
  • Średni wynik to 2 z 5

Statystyki odpowiedzi

Odpowiedź% Poprawnych
BANK
96%
GALERIA HANDLOWA
46%
SUPERMARKET
21%
LOTNISKO
14%
STACJA PALIW
0%

Rozkład punktacji

Percentyl według liczby udzielonych odpowiedzi

Procent ludzi z każdym wynikiem

Twoja historia wyników

Nie rozwiązałeś tego quizu